000 00611 a2200205 4500
005 20260116152511.0
008 260114b |||||||| |||| 00| 0 eng d
020 _a9789359787688
_cRs. 1995.00
040 _aMAIN
082 _a796.01
_bS64A
100 _aSingh, Ashish Pratap
245 _aApplied biomechanics: Understanding human movement for athletic performance
260 _bFriends Publications (India)
_c2025
_aNew Delhi
300 _a290
650 _aPhysical Education
650 _aBiomechanics-Sports
650 _aSports Performance
700 _aSingh, Arvind Bahadur
942 _cBK
999 _c394097
_d394097